000 01079cam a22002891 4500
001 6503
003 BD-RjUL
005 20211208234244.0
008 140111s1962 xx 000 0 ger d
035 _a(BD-RjUL)6544
035 _a(OCoLC)1215923
040 _aDLC
_cGAT
_dOCoLC
_dDLC
_d(BD-RjUL)
_beng
041 _aeng
082 0 0 _222
_a515.9
_bBET
100 1 _aBehnke, Heinrich,
_d1898-
_920396
245 0 0 _aTheorie der analytischen Funktionen einer komplexen Veränderlichen /
_cvon Heinrich Behnke und Friedrich Sommer
260 _aBerlin,
_bSpringer,
_c1962
300 _ax, 603 p.
_billus. ;
_c24 cm.
490 1 _aDie Grundlehren der mathematischen Wissenschaften in Einzeldarstellungen,
_vBd. 77
650 0 _aFunctions of complex variables.
_920320
830 0 _vBd. 77.
_920475
700 1 _aSommer, Friedrich,
_d1912-
_ejoint author.
_920473
830 0 _aGrundlehren der mathematischen Wissenschaften in Einzeldarstellungen mit besonderer BerĂĽcksichtigung der Anwendungsgebiete ;
_920476
942 _2ddc
_cBK
999 _c6503
_d6503